000 00344 a2200157 4500
003 Nust
005 20170207153458.0
040 _cNust
082 _a920
100 _aWright, peter
245 _aSpy Catcher
_cPeter Wright
260 _bArmy Education Press
_c1991
300 _a380:p
538 _aAlmirah No.60 Shelf No.4
650 _aSpy Catcher
942 _2ddc
_cBK
999 _c187180
_d187180